000 00269nam a2200133Ia 4500
100 _aZubov/V
942 _cBK
654 _aPhysics
245 _aProblems in Physics
260 _bMir Publishers
_aMoscow
_c1974
082 _a530
300 _a290
546 _aENGLISH
999 _c35495
_d35495